Vergessene Porträts Greifswalder (Ehren-)Bürger
| Titel: | Vergessene Porträts Greifswalder (Ehren-)Bürger : Arbeiten des Bildhauers Hans Prütz (1902-1972) aus der Nachkriegszeit / Detlef Witt |
|---|---|
| Verfasser: | |
| In: |
Greifswalder Beiträge zur Stadtgeschichte, Denkmalpflege, Stadtsanierung, Band 13 (2019), Seite 58-82 alle Artikel anzeigen |
| Veröffentlicht: | 2019 |
| Umfang: | Illustrationen |
| Format: | Aufsatz |
| Sprache: | Deutsch |
X
alg: 48599241 001A $03025:04-10-21 001B $01999:04-10-21 $t22:30:19.000 001D $03025:04-10-21 001U $0utf8 001X $00 002@ $0Oou 002C $aText $btxt $2rdacontent 002D $aComputermedien $bc $2rdamedia 002E $aOnline-Ressource $bcr $2rdacarrier 003@ $0485992418 007A $0485992418 $aHEB 009Q $uhttps://www.greifswald.de/de/.galleries/Amt-60-Stadtbauamt/Greifswalder-Beitraege/Greifswalder-Beitraege_2020-12-02_web_k2.pdf $xH 010@ $ager 010E $erda 011@ $a2019 021A $aVergessene Porträts Greifswalder (Ehren-)Bürger $dArbeiten des Bildhauers Hans Prütz (1902-1972) aus der Nachkriegszeit $hDetlef Witt 028A $BVerfasser $4aut $71011227703 $8Witt, Detlef$Z1962- [Tp1] $9245789588 031A $d13 $h58-82 $j2019 034M $aIllustrationen 039B $aEnthalten in $8--Obvc--. Greifswalder Beiträge zur Stadtgeschichte, Denkmalpflege, Stadtsanierung. - Greifswald : Der Oberbürgermeister, Stadtbauamt, [2016]-. - Online-Ressource $x201900000130000942 $942852964X 044K $#Greifswald $#Gryphisvaldia $#Universitäts- und Hansestadt Greifswald $#Hansestadt Greifswald $#Gryphiswaldiae $#Greifsvaldas $#Gryfia $#Gryphia $74021965-3 $8Greifswald [Tg1] $9085053651 044K $8Prütz, Hans$Z1902-1972 [Tp1] $9448791609 045R $aGeschichte 1945-1972 lok: 48599241 78 exp: 48599241 78 1 #EPN 201B/01 $004-10-21 $t15:04:29.000 201C/01 $004-10-21 201U/01 $0utf8 203@/01 $01169713890 208@/01 $a04-10-21 $be 209A/01 $a/ $f000 $x00 209A/01 $ab*p $x01 220C/01 $aeja 244Z/01 $#Sculptors $#Sculpteurs $#Scultori $#Plastiker $74139550-5 $8--Ts1--Bildhauer $x01 $9085531677 244Z/01 $#Pommern $#Pommern $#Herzogtum Pommern $#Herzogthum Pommern $#Provinz Pommern $#Pomorze $74046744-2 $8--Tg1--Pommern $x06 $9085130354 247C/01 $82080>Marburg/Lahn, Herder-Institut, Forschungsbibliothek, Bibliographieportal $9336309341
| LEADER | 00000caa a2200000 c 4500 | ||
|---|---|---|---|
| 001 | 485992418 | ||
| 003 | DE-603 | ||
| 005 | 20211004223019.0 | ||
| 007 | cr|||||||||||| | ||
| 008 | 211004s2019 xx |||| o| u00||u|ger c | ||
| 035 | |a (DE-599)HEB485992418 | ||
| 040 | |a DE-603 |b ger |c DE-603 |d DE-603 |e rda | ||
| 041 | |a ger | ||
| 100 | 1 | |a Witt, Detlef |d 1962- |e Verfasser |4 aut |0 (DE-603)245789588 |0 (DE-588)1011227703 |2 gnd | |
| 245 | 0 | 0 | |a Vergessene Porträts Greifswalder (Ehren-)Bürger |b Arbeiten des Bildhauers Hans Prütz (1902-1972) aus der Nachkriegszeit |c Detlef Witt |
| 264 | 0 | |c 2019 | |
| 300 | |b Illustrationen | ||
| 336 | |a Text |b txt |2 rdacontent | ||
| 337 | |a Computermedien |b c |2 rdamedia | ||
| 338 | |a Online-Ressource |b cr |2 rdacarrier | ||
| 600 | 1 | 7 | |a Prütz, Hans |d 1902-1972 |0 (DE-588)1186416777 |0 (DE-603)448791609 |2 gnd |
| 648 | 7 | |a Geschichte 1945-1972 |2 gnd | |
| 651 | 7 | |a Greifswald |0 (DE-588)4021965-3 |0 (DE-603)085053651 |2 gnd | |
| 773 | 0 | 8 | |i Enthalten in |t Greifswalder Beiträge zur Stadtgeschichte, Denkmalpflege, Stadtsanierung |d Greifswald : Der Oberbürgermeister, Stadtbauamt, [2016]- |h Online-Ressource |g Band 13 (2019), Seite 58-82 |w (DE-603)42852964X |w (DE-600)2926907-6 |
| 856 | |u https://www.greifswald.de/de/.galleries/Amt-60-Stadtbauamt/Greifswalder-Beitraege/Greifswalder-Beitraege_2020-12-02_web_k2.pdf |x Verlag | ||
| 924 | 1 | |9 2080 |a (DE-603)1169713890 |b DE-2080 |c HES |d d |g / | |


